| 000 | 00770nam a2200217 i 4500 | ||
|---|---|---|---|
| 001 | 57726 | ||
| 003 | ES-MaACL | ||
| 005 | 20251001204324.0 | ||
| 007 | t| | ||
| 008 | 031017s1972 sp a |||| | spa d | ||
| 100 | 1 |
_aDomarus, Alexander von. _945059 |
|
| 245 | 1 | 9 |
_aMedicina interna / _cA.V. Domarus ; continuado y redactado de nuevo por P. Farreras Valentí ; dirigido actualmente por Ciril Rozman. |
| 250 | _a8ª ed. ampliamente modificada y puesta al día. | ||
| 260 |
_aBarcelona : _bMarín, _c1972. |
||
| 300 |
_a2 v. : _bil. ; _c26 c,m. |
||
| 650 | 0 | 7 |
_aMedicina interna _2embne _914925 |
| 700 | 1 |
_aFarreras Valentí, Pedro, _d1916-1968 _948899 |
|
| 700 | 1 |
_aRozman, C. ( _d1929-) _9100259 |
|
| 852 |
_aES-MaACL _jE-6240-41 |
||
| 999 |
_c57726 _d57726 |
||